Modelado teórico del comportamiento a flexión de muros de mampostería inconfinada sometidos a carga monotónica
Uloženo v:
| Hlavní autor: | |
|---|---|
| Médium: | Kniha |
| Vydáno: |
San José, C.R.
1998
|
| Témata: | |
| Tagy: |
Přidat tag
Žádné tagy, Buďte první, kdo vytvoří štítek k tomuto záznamu!
|
MARC
| LEADER | 00000nam a2200000Ia 4500 | ||
|---|---|---|---|
| 003 | 008468 | ||
| 005 | 20221231144224.0 | ||
| 008 | 140114s1998 cr a m 000 ||s d | ||
| 040 | |c cru CEDI | ||
| 090 | |a TFG 3842 | ||
| 100 | |a González Elizondo, Esteban |9 9082 | ||
| 245 | |a Modelado teórico del comportamiento a flexión de muros de mampostería inconfinada sometidos a carga monotónica | ||
| 260 | |c 1998 |a San José, C.R. | ||
| 300 | |a 54 hojas : ilustraciones | ||
| 500 | |a Tesis (licenciatura en ingeniería civil)--Universidad de Costa Rica. Facultad de Ingeniería. Escuela de Ingeniería Civil | ||
| 650 | |x MAMPOSTERIA |x MUROS |x DISEÑO Y CONSTRUCCION |9 9083 | ||
| 942 | |c TFG | ||
| 999 | |c 18667 |d 18667 | ||
